• 首页
  • 本馆介绍
  • 公告通知
  • 最新文献
  • 馆藏检索
  • 电子资源
  • 读者导购
  • 参考咨询
  • 我的图书馆
  • 登录
  • 详细信息显示
  • 放入我的书架
  • 预约/预借图书
  • 作者相关作品
  • 分类相关作品
  • 丛书相关作品
  • 出版社相关作品

书目信息

  • 表格格式
  • 工作单格式
  • 卡片格式
题名:
语文
    
 
作者: ;人民教育出版社中学语文室 编著
分册: 第五册  
出版信息: 北京   人民教育出版社  2001.12
页数: 192页
开本: 28cm
丛书名:
单 册:
中图分类: G838.0
科图分类:
主题词: 体操
电子资源:
ISBN: 978-7-107-15290-0
000 00659nam0 2200181 450
001 202411144230142943
005 20241118114659.45
010    @a978-7-107-15290-0@dCNY9.01
100    @a20241114d km y0chiy0120 ea
101 0  @achi
200 1  @a语文@AYu Wen@h第五册@f人民教育出版社中学语文室编著@FRen Min Jiao Yu Chu Ban She Zhong Xue Yu Wen Shi Bian Zhu
210    @a北京@c人民教育出版社@d2001.12
215    @a192页@d28cm
606 0  @a体操
690    @aG838.0@v4
711 02 @a人民教育出版社中学语文室@ARen Min Jiao Yu Chu Ban She Zhong Xue Yu Wen Shi@4编著
801  0 @aCN@b大连网信软件有限公司图书馆·11@c20241118
905    @aZUCC@b7603888@dG838.0@e638380:5@f1
    
    语文.第五册/人民教育出版社中学语文室编著.-北京:人民教育出版社,2001.12
    192页;28cm
    
    
    ISBN 978-7-107-15290-0:CNY9.01
    
●
相关链接 在E读中查询图书 在五车中查询图书 在当当中查询图书 在豆瓣中查询图书


正题名:语文     索取号:G838.0/638380:5         预约/预借

序号 登录号 条形码 馆藏地/架位号 状态 备注
1 7603888   276038887   密集书库-资源管理系/ [索取号:G838.0/638380:5] 在馆    
唐山师范学院图书馆 欢迎您!
大连网信软件有限公司© 版权所有